<?xml version="1.0" encoding="UTF-8"?><?xml-stylesheet type="text/xsl" href="static/style.xsl"?><OAI-PMH xmlns="http://www.openarchives.org/OAI/2.0/" xmlns:xsi="http://www.w3.org/2001/XMLSchema-instance" xsi:schemaLocation="http://www.openarchives.org/OAI/2.0/ http://www.openarchives.org/OAI/2.0/OAI-PMH.xsd"><responseDate>2026-04-14T04:20:31Z</responseDate><request verb="GetRecord" identifier="oai:www.recercat.cat:2445/167159" metadataPrefix="marc">https://recercat.cat/oai/request</request><GetRecord><record><header><identifier>oai:recercat.cat:2445/167159</identifier><datestamp>2025-12-05T17:02:18Z</datestamp><setSpec>com_2072_1057</setSpec><setSpec>col_2072_478823</setSpec><setSpec>col_2072_478917</setSpec></header><metadata><record xmlns="http://www.loc.gov/MARC21/slim" xmlns:dcterms="http://purl.org/dc/terms/" xmlns:xsi="http://www.w3.org/2001/XMLSchema-instance" xmlns:doc="http://www.lyncode.com/xoai" xsi:schemaLocation="http://www.loc.gov/MARC21/slim http://www.loc.gov/standards/marcxml/schema/MARC21slim.xsd">
   <leader>00925njm 22002777a 4500</leader>
   <datafield ind2=" " ind1=" " tag="042">
      <subfield code="a">dc</subfield>
   </datafield>
   <datafield ind2=" " ind1=" " tag="720">
      <subfield code="a">Salvador Solé, Eduard</subfield>
      <subfield code="e">author</subfield>
   </datafield>
   <datafield ind2=" " ind1=" " tag="260">
      <subfield code="c">2020-07-01T18:47:27Z</subfield>
   </datafield>
   <datafield ind2=" " ind1=" " tag="260">
      <subfield code="c">2020-07-01T18:47:27Z</subfield>
   </datafield>
   <datafield ind2=" " ind1=" " tag="260">
      <subfield code="c">1993</subfield>
   </datafield>
   <datafield ind2=" " ind1=" " tag="260">
      <subfield code="c">2020-06-30T08:51:44Z</subfield>
   </datafield>
   <datafield ind2=" " ind1=" " tag="520">
      <subfield code="a">Al llarg d'aquest segle la cosmologia ha escapat del marc purament filosòfic i teològic per esdevenir una ciència de la natura. Aquesta cosmologia científica s'ha desenvolupat al si de la Física, primer, a un nivell exclusivament teòric i més tard, i cada cop més, a nivell també empíric. En poc temps s'ha passat d'un model embrionari d'univers de caràcter gairebé lúdic, a un model seriós i sòlidament establert en el qual nombrosos fets observacionals hi troben una explicació natural, donant lloc, fins i tot, a prediccions teòriques profundes, confirmades experimentalment. Podríem dir que l'època clàssica de la cosmologia física va culminar, però, fa uns quants anys i que, actualment, s'ha entrat en una etapa més aviat barroca. Efectivament, la situació actual, molt més complexa i de detall, està caracteritzada pel fet que els punts que romanen oberts de la teoria requereixen hipòtesis aparentment agoserades i que les observacions, cada cop més fines i precises, no sempre donen el resultat esperat d'antuvi en el marc de les hipòtesis avançades.</subfield>
   </datafield>
   <datafield tag="653" ind2=" " ind1=" ">
      <subfield code="a">Cosmologia</subfield>
   </datafield>
   <datafield tag="653" ind2=" " ind1=" ">
      <subfield code="a">Història de la física</subfield>
   </datafield>
   <datafield tag="653" ind2=" " ind1=" ">
      <subfield code="a">Cosmology</subfield>
   </datafield>
   <datafield tag="653" ind2=" " ind1=" ">
      <subfield code="a">History of physics</subfield>
   </datafield>
   <datafield ind2="0" ind1="0" tag="245">
      <subfield code="a">Estat actual de la cosmologia física</subfield>
   </datafield>
</record></metadata></record></GetRecord></OAI-PMH>